| 000 | 00521ntaaa2200193 4500 | ||
|---|---|---|---|
| 003 | 01 | ||
| 005 | 20251027202319.0 | ||
| 008 | 0714s1973 ag 01 | ||
| 020 | _a2825407593 | ||
| 040 |
_aAR-BaBN _bspa _cAR-BaBN _eaacr _dRIC |
||
| 082 | _a280.1063 N14n | ||
| 100 |
_aWorld Council of Churches _918625 |
||
| 245 | _aNairobi to Vancouver 1975-1983 | ||
| 250 | _a1 ed. | ||
| 260 |
_aGeneva : _bWorld Council of Churches, _c1983 |
||
| 300 |
_a238 p ; _c21,5 cm |
||
| 650 |
_aConsejo mundial de iglesias _96128 |
||
| 942 | _cBK | ||
| 999 |
_c17966 _d17966 |
||